| 000 | 00967cam a2200301 a 4500 | ||
|---|---|---|---|
| 001 | 000019670 | ||
| 005 | 20200929170110.0 | ||
| 008 | 930602s1994 sp 001 d spa d | ||
| 020 | _a8423972607 | ||
| 040 |
_aDO-SdBNP _bspa _cDLC _dBNPHU |
||
| 082 |
_a862.64 _bA454a, 1994 |
||
| 100 | 1 |
_aAlonso de Santos, José Luis, _d1942- _923861 |
|
| 245 | 1 | 3 |
_aEl álbum familiar ; bajarse al moro / _cJosé Luis Alonso de Santos ; edición de Andrés Amorós. |
| 250 | _a3a ed. | ||
| 260 |
_aMadrid : _bEspasa-Calpe, _c1994. |
||
| 300 |
_a187 p. ; _c18 cm. |
||
| 490 | 1 |
_aAustral. Literatura _v260 |
|
| 504 | _aIncluye índice de autores | ||
| 650 | 4 |
_aTeatro español _93071 |
|
| 650 | 4 |
_aLiteratura española _9632 |
|
| 650 | 4 |
_aHumorismo español _922337 |
|
| 700 | 1 |
_aAmorós, Andrés, _eed. _915570 |
|
| 730 | 0 |
_aBajarse al moro _942123 |
|
| 830 | 0 |
_aAustral. Literatura ; _v260 _917660 |
|
| 910 | _aCatalogación derivada / LC | ||
| 910 | _aWM | ||
| 049 | _aBNGR | ||
| 999 |
_c19186 _d19186 |
||